Présentation de Nadal à Roland Garros - Statistiques

Statistiques générales
  • Ce quiz a été pris 189 fois
    174 depuis la dernière actualisation
  • Le résultat moyen est 72 sur 114
Statistiques - réponses
Paroles % Correct
2
98%
2007,
93%
2010,
93%
2011
93%
2008.
92%
2008,
92%
2008
92%
2012,
92%
2013,
92%
2017,
92%
2005,
91%
2006,
91%
2014,
91%
2018,
91%
2019,
91%
2020
91%
2022.
89%
1
88%
à
81%
a
81%
en
81%
Il
81%
il
81%
d'
80%
l'
80%
Nadal !
79%
Roland
78%
3
77%
est
77%
et
77%
Garros
77%
Rafael
76%
14
74%
le
74%
4
73%
2016.
72%
Open
72%
US
71%
Wimbledon,
71%
Australie,
70%
espagnol
70%
grand
70%
chelem.
68%
68%
1986
66%
22
65%
juin
65%
titre
60%
Majorque
56%
2004.
54%
remporté
54%
Manacor.
51%
mondial
47%
premier
47%
numéro
46%
5
45%
double
44%
92
41%
Champion
41%
champion
41%
olympique
41%
dont
40%
simple
40%
son
40%
2002,
34%
coupe
32%
Davis.
32%
été
28%
sa
28%
carrière,
27%
depuis
27%
Depuis
27%
Professionnel
26%
semaines.
26%
Sopot
25%
dès
22%
resté
22%
août
21%
dans
21%
y
21%
85.
19%
autres
19%
mesure
19%
mètre
19%
209
16%
épisodiquement
11%
également
9%
Aucun quiz correspondant
Distribution des résultats
% des personnes avec chaque résultat
Percentile par nombre de réponses
Votre historique - résultats
Vous n’avez pas pris ce quiz depuis la dernière actualisation